[Event "M.Chigorin Memorial 2017 "]
[Site "?????-?????????"]
[Date "2017.10.23"]
[Round "3"]
[Board "166"]
[White "Kudin, Alexander"]
[Black "Lystsov, Leonid"]
[Result "0-1"]
[WhiteElo "1520"]
[BlackElo "1866"]
[PlyCount "88"]
[EventDate "2017.10.21"]
[EventRounds "9"]
[EventCountry "RUS"]

1. e4 g6 2. d4 Bg7 3. Nc3 d6 4. f4 Nf6 5. Nf3 O-O 6. Be2 c5 7. dxc5 Qa5 8. Qd2
Qxc5 9. h3 Nc6 10. Qe3 Nd7 11. a3 a6 12. Qxc5 Nxc5 13. Bd3 b5 14. Be3 Bb7 15.
Ke2 Rac8 16. Bxc5 dxc5 17. e5 f6 18. Be4 Ba8 19. exf6 exf6 20. Kf2 Na5 21. Bxa8
Rxa8 22. b3 Nc6 23. Rad1 f5 24. Nd5 Ra7 25. c3 Na5 26. b4 cxb4 27. axb4 Nc4 28.
Nd4 Nd6 29. Ne6 Ne4+ 30. Kf3 Re8 31. Nxg7 Kxg7 32. Rhe1 Rc8 33. Re3 a5 34. bxa5
Rxa5 35. Nb4 Ra7 36. Red3 Rxc3 37. g4 Raa3 38. Rxc3 Rxc3+ 39. Nd3 Nc5 40. Ke3
Rxd3+ 41. Rxd3 Nxd3 42. Kxd3 fxg4 43. hxg4 h5 44. f5 h4  0-1

[Event "M.Chigorin Memorial 2017 "]
[Site "?????-?????????"]
[Date "2017.10.23"]
[Round "3"]
[Board "167"]
[White "Efimenko, Aleksandr"]
[Black "Serov, Aleksandr"]
[Result "1/2-1/2"]
[WhiteElo "1865"]
[BlackElo "1456"]
[PlyCount "88"]
[EventDate "2017.10.21"]
[EventRounds "9"]
[EventCountry "RUS"]

1. e4 c6 2. d4 d5 3. Nc3 dxe4 4. Nxe4 Bf5 5. Ng3 Bg6 6. N1e2 Nd7 7. Nf4 e5 8.
Nxg6 hxg6 9. dxe5 Qa5+ 10. Bd2 Qxe5+ 11. Qe2 Bc5 12. Bc3 Qxe2+ 13. Bxe2 Ngf6
14. O-O O-O 15. Rad1 Rfe8 16. Bf3 Ne5 17. Be2 Nd5 18. Bd2 f5 19. c4 Nf6 20. Bc1
Neg4 21. h3 Ne5 22. a3 a5 23. Rfe1 Nf7 24. Kf1 Re7 25. Bd3 Rae8 26. Bd2 a4 27.
Bc3 Ng5 28. Bc2 b5 29. cxb5 cxb5 30. Bd3 Rb8 31. Be5 Rbb7 32. Rc1 Ba7 33. f4
Nf7 34. Bxf6 Rxe1+ 35. Kxe1 gxf6 36. Ne2 Be3 37. Rc6 Kg7 38. Kd1 Nd8 39. Rd6
Rb8 40. g4 fxg4 41. hxg4 g5 42. f5 Nf7 43. Rd7 Kg8 44. Be4 Ne5  1/2-1/2

[Event "M.Chigorin Memorial 2017 "]
[Site "?????-?????????"]
[Date "2017.10.23"]
[Round "3"]
[Board "168"]
[White "Shceglov, Mikhail"]
[Black "Shadunts, Kirill"]
[Result "0-1"]
[WhiteElo "1503"]
[BlackElo "1845"]
[PlyCount "138"]
[EventDate "2017.10.21"]
[EventRounds "9"]
[EventCountry "RUS"]

1. e4 e6 2. d4 d5 3. exd5 exd5 4. Bd3 Bd6 5. Ne2 Qf6 6. c3 Ne7 7. Nd2 Bg4 8.
Qc2 Nd7 9. h3 Bh5 10. O-O g5 11. Ng3 Bg6 12. Nf3 Bf4 13. Re1 O-O-O 14. Bxg6
hxg6 15. Nf1 Nf5 16. Bxf4 gxf4 17. N1h2 Nh4 18. Nxh4 Rxh4 19. Qe2 Qf5 20. Qe7
Rh7 21. Nf3 c6 22. Qg5 Qc2 23. Qxf4 f6 24. Qd2 Qf5 25. Re3 Qh5 26. Qe2 g5 27.
Nh2 Qg6 28. Re1 Rh4 29. Re8 Rxe8 30. Qxe8+ Qxe8 31. Rxe8+ Kc7 32. f3 b6 33. Ng4
c5 34. dxc5 bxc5 35. Kf2 Rh7 36. Ke3 Kd6 37. Kd3 Rh4 38. Ra8 Rh7 39. Kd2 f5 40.
Ne3 f4 41. Ng4 Nb6 42. Rg8 Nc4+ 43. Kc1 Re7 44. Rg6+ Re6 45. Rxe6+ Kxe6 46. Nf2
Ne3 47. Nd3 c4 48. Ne1 a5 49. b3 Kd6 50. Kb2 Kc5 51. a3 Nd1+ 52. Kc2 Ne3+ 53.
Kb2 cxb3 54. Kxb3 a4+ 55. Kxa4 Kc4 56. Ka5 Kxc3 57. Kb5 Kd2 58. a4 Kxe1 59. a5
d4 60. a6 d3 61. a7 d2 62. a8=Q d1=Q 63. Qe8 Kf2 64. Qh5 Qd5+ 65. Kb4 Kxg2 66.
h4 gxh4 67. Qxh4 Qxf3 68. Qg5+ Qg4 69. Qc5 f3+  0-1

[Event "M.Chigorin Memorial 2017 "]
[Site "?????-?????????"]
[Date "2017.10.23"]
[Round "3"]
[Board "169"]
[White "Pogorelov, Boris"]
[Black "Shoshin, Kirill"]
[Result "0-1"]
[WhiteElo "1484"]
[BlackElo "1831"]
[PlyCount "76"]
[EventDate "2017.10.21"]
[EventRounds "9"]
[EventCountry "RUS"]

1. d4 Nf6 2. c4 e6 3. Nc3 Bb4 4. Qc2 O-O 5. Bg5 h6 6. Bh4 d5 7. e3 c5 8. dxc5
g5 9. Bg3 Qa5 10. O-O-O Bxc3 11. Qxc3 Qxc3+ 12. bxc3 dxc4 13. Bxc4 Ne4 14. Ne2
Nd7 15. f3 Nxg3 16. hxg3 Kg7 17. g4 Nxc5 18. Ng3 b6 19. a3 Ba6 20. Bxa6 Nxa6
21. Kc2 Nc5 22. Nh5+ Kg6 23. Ng3 Rac8 24. Ne2 Rc7 25. Rd2 Rfc8 26. Rc1 Na4 27.
Kb3 b5 28. Rdc2 Nb6 29. Nd4 a6 30. Rd2 Na4 31. Ne2 Rc6 32. Rd4 h5 33. gxh5+
Kxh5 34. c4 e5 35. Rh1+ Kg6 36. cxb5 Nc5+ 37. Kb2 Rb6 38. Ka2 exd4  0-1

[Event "M.Chigorin Memorial 2017 "]
[Site "?????-?????????"]
[Date "2017.10.23"]
[Round "3"]
[Board "170"]
[White "Biyachuev, Minkail"]
[Black "Kozlov, Mikhail"]
[Result "0-1"]
[WhiteElo "1475"]
[BlackElo "1813"]
[PlyCount "76"]
[EventDate "2017.10.21"]
[EventRounds "9"]
[EventCountry "RUS"]

1. d4 c5 2. d5 e5 3. e4 d6 4. Nf3 Be7 5. Bb5+ Kf8 6. Bd2 a6 7. Be2 b5 8. c4 Nf6
9. Nc3 b4 10. Nb1 Nxe4 11. a3 Nd7 12. axb4 cxb4 13. Bxb4 Qb6 14. Qb3 Rb8 15.
Ra4 Ndc5 16. Qe3 Nxa4 17. Qxb6 Rxb6 18. Ba5 Rxb2 19. Nbd2 Nac3 20. Bd3 Nc5 21.
O-O Nxd3 22. Bxc3 Rc2 23. Ba5 f5 24. Ne1 Nxe1 25. Rxe1 e4 26. Rb1 Bg5 27. Rb8
Ke7 28. Nf1 Rxc4 29. Bb4 Rd8 30. Ne3 Rc1+ 31. Nf1 e3 32. Ba3 e2 33. Bxc1 Bxc1
34. Rb3 e1=Q 35. Re3+ Bxe3 36. fxe3 a5 37. g4 Ba6 38. gxf5 Qxf1#  0-1

[Event "M.Chigorin Memorial 2017 "]
[Site "?????-?????????"]
[Date "2017.10.23"]
[Round "3"]
[Board "171"]
[White "Khochinsky, Andrey"]
[Black "Oskin, Iakov"]
[Result "1-0"]
[WhiteElo "1803"]
[BlackElo "1410"]
[PlyCount "69"]
[EventDate "2017.10.21"]
[EventRounds "9"]
[EventCountry "RUS"]

1. d4 d5 2. c4 c6 3. Nf3 e6 4. Nc3 Nf6 5. Bg5 Nbd7 6. e3 Qa5 7. Rc1 Ne4 8. Bf4
Nxc3 9. bxc3 Qxa2 10. cxd5 exd5 11. Bd3 Qa5 12. Qc2 h6 13. O-O Be7 14. Rfe1 O-O
15. e4 dxe4 16. Rxe4 Qd8 17. Rce1 Bg5 18. Nxg5 hxg5 19. Bd6 Nf6 20. Be7 Qd7 21.
Re5 Ng4 22. Bf5 Qc7 23. Bxg4 Bxg4 24. Bxf8 Rxf8 25. h3 Be6 26. Rxg5 Qf4 27. Rg3
a5 28. Re5 b5 29. Rh5 f5 30. Rhg5 Rf7 31. Qe2 Qc1+ 32. Kh2 Bc4 33. Qe8+ Kh7 34.
Rh5+ Qh6 35. Rxh6+  1-0

[Event "M.Chigorin Memorial 2017 "]
[Site "?????-?????????"]
[Date "2017.10.23"]
[Round "3"]
[Board "172"]
[White "Mustafazade, Fikrat"]
[Black "Leonova, Ameliya"]
[Result "0-1"]
[WhiteElo "1466"]
[BlackElo "1798"]
[PlyCount "96"]
[EventDate "2017.10.21"]
[EventRounds "9"]
[EventCountry "RUS"]

1. d4 d5 2. c4 c6 3. e3 Nf6 4. Bd3 g6 5. Nf3 Bg7 6. O-O O-O 7. b3 Bg4 8. h3
Bxf3 9. Qxf3 Nbd7 10. Bb2 Re8 11. cxd5 cxd5 12. Bb5 a6 13. Bxd7 Qxd7 14. Nd2
Rac8 15. Rac1 e6 16. g4 Rxc1 17. Rxc1 Rc8 18. Qd1 h5 19. g5 Ne8 20. f4 Nd6 21.
Ba3 Nf5 22. Kf2 Rc6 23. Rxc6 Qxc6 24. Qc1 Qb5 25. Qc3 h4 26. Nf1 Kh7 27. Bb4
Qb6 28. Qc5 Qxc5 29. Bxc5 f6 30. Nh2 fxg5 31. fxg5 Kg8 32. Ng4 Ng3 33. Bd6 Ne4+
34. Kf3 Nxd6 35. Nf2 Ne4 36. Nxe4 dxe4+ 37. Kxe4 Kf7 38. d5 Ke7 39. a4 Kd6 40.
dxe6 Kxe6 41. Kf4 Kd5 42. e4+ Kd4 43. b4 Be5+ 44. Kf3 Kd3 45. a5 Kd4 46. Kg4
Kxe4 47. Kxh4 Kf3 48. b5 Bg3#  0-1

[Event "M.Chigorin Memorial 2017 "]
[Site "?????-?????????"]
[Date "2017.10.23"]
[Round "3"]
[Board "173"]
[White "Titievskaya, Elizaveta"]
[Black "Koltsova, Alisa"]
[Result "1-0"]
[WhiteElo "1798"]
[BlackElo "1378"]
[PlyCount "119"]
[EventDate "2017.10.21"]
[EventRounds "9"]
[EventCountry "RUS"]

1. e4 e5 2. Nf3 Nf6 3. Nxe5 d6 4. Nf3 Nxe4 5. d4 d5 6. h3 Be6 7. Bd3 Be7 8. Bf4
Nc6 9. O-O g5 10. Bh2 f5 11. Ne5 Nxe5 12. Bxe5 Bf6 13. Be2 Qe7 14. Bh5+ Bf7 15.
Bxf7+ Qxf7 16. Bxf6 Qxf6 17. f3 Nd6 18. Re1+ Kd7 19. Nc3 c6 20. b4 Rae8 21. Qd3
a6 22. a4 Nc4 23. b5 Rxe1+ 24. Rxe1 Re8 25. Rxe8 Kxe8 26. bxc6 bxc6 27. Kf2 Kd7
28. Ne2 h5 29. Ng3 h4 30. Nxf5 Nb2 31. Qb3 Nxa4 32. Qb7+ Kd8 33. Qb8+ Kd7 34.
Qa7+ Kd8 35. Ne3 Nc3 36. Ng4 Qf4 37. Qa8+ Ke7 38. Qb7+ Kd8 39. Qb6+ Kc8 40.
Qxc6+ Qc7 41. Qxa6+ Kd7 42. Qd3 Qg3+ 43. Kf1 Qc7 44. Ne5+ Kc8 45. Qf5+ Kb8 46.
Qf8+ Kb7 47. Qb4+ Kc8 48. Qa3 Kb8 49. Qa6 Qb7 50. Qxb7+ Kxb7 51. Nf7 Kc6 52.
Nxg5 Kd6 53. f4 Ke7 54. Nf3 Nd1 55. Ke2 Nc3+ 56. Kd3 Ne4 57. Nxh4 Kf6 58. c4
Nd6 59. cxd5 Kg7 60. g4  1-0

[Event "M.Chigorin Memorial 2017 "]
[Site "?????-?????????"]
[Date "2017.10.23"]
[Round "3"]
[Board "174"]
[White "Sviridov, Leon"]
[Black "Mustafayev, Nihad"]
[Result "0-1"]
[WhiteElo "1427"]
[BlackElo "1788"]
[PlyCount "118"]
[EventDate "2017.10.21"]
[EventRounds "9"]
[EventCountry "RUS"]

1. e4 c5 2. Nf3 e6 3. d4 cxd4 4. Nxd4 Nf6 5. Nc3 Nc6 6. Ndb5 Bb4 7. a3 Bxc3+ 8.
Nxc3 d5 9. exd5 exd5 10. Bd3 O-O 11. O-O d4 12. Ne2 Bg4 13. Bg5 Qd6 14. Qd2
Rad8 15. Rfe1 Rfe8 16. h3 Bh5 17. Ng3 Bg6 18. Bxg6 hxg6 19. Bxf6 Qxf6 20. Ne4
Qf5 21. Ng3 Qd5 22. Rxe8+ Rxe8 23. Re1 Rd8 24. Ne4 Ne5 25. Qg5 Re8 26. f4 f6
27. Qg3 Ng4 28. hxg4 Rxe4 29. Rxe4 Qxe4 30. f5 gxf5 31. gxf5 Qxf5 32. Qb8+ Kh7
33. Qh2+ Kg6 34. Qg3+ Kh7 35. Qh2+ Kg6 36. Qg3+ Qg5 37. Qd3+ Kh5 38. Qxd4 Qc1+
39. Kh2 Qxc2 40. Kh3 Qb3+ 41. g3 Qe6+ 42. g4+ Kg6 43. Kh4 Qe1+ 44. Kh3 Kg5 45.
Qd5+ Kf4 46. Qf5+ Ke3 47. Qe6+ Kf2 48. Qf5+ Kg1 49. Qc2 Qe3+ 50. Kh4 Qf2+ 51.
Qxf2+ Kxf2 52. Kh5 Kg3 53. b4 g5 54. Kg6 Kxg4 55. Kxf6 Kf4 56. Ke6 g4 57. Kd6
g3 58. Kc7 g2 59. Kxb7 g1=Q  0-1

[Event "M.Chigorin Memorial 2017 "]
[Site "?????-?????????"]
[Date "2017.10.23"]
[Round "3"]
[Board "175"]
[White "Protasova, Anastasia"]
[Black "Ali, Ahad"]
[Result "1-0"]
[WhiteElo "1780"]
[BlackElo "1356"]
[PlyCount "81"]
[EventDate "2017.10.21"]
[EventRounds "9"]
[EventCountry "RUS"]

1. d4 Nf6 2. c4 e6 3. Nf3 d5 4. Nc3 Bb4 5. e3 Nbd7 6. Bd3 b6 7. cxd5 exd5 8.
O-O Bb7 9. Qe2 O-O 10. a3 Bxc3 11. bxc3 c5 12. a4 Qc7 13. Ba3 Rfe8 14. Nd2 h6
15. Rfe1 Ng4 16. g3 Ngf6 17. Rac1 Ne4 18. Kg2 Ndf6 19. f3 Nxd2 20. Qxd2 Re7 21.
Rb1 Bc6 22. dxc5 bxc5 23. Bxc5 Ree8 24. Bb5 a6 25. Bxc6 Qxc6 26. Bd4 Qxa4 27.
Bxf6 gxf6 28. Rb4 Qc6 29. Rg4+ Kh8 30. e4 f5 31. Rh4 Kh7 32. exd5 Qb6 33. d6 f4
34. Qd3+ Kg7 35. Rg4+ Kh8 36. Rxe8+ Rxe8 37. Rxf4 Rf8 38. Rb4 Qa7 39. Qd2 Kg7
40. Rg4+ Kh7 41. Rh4  1-0

[Event "M.Chigorin Memorial 2017 "]
[Site "?????-?????????"]
[Date "2017.10.23"]
[Round "3"]
[Board "176"]
[White "Airapetyan, Anzhelika"]
[Black "Patel, Palak"]
[Result "0-1"]
[WhiteElo "1382"]
[BlackElo "1741"]
[PlyCount "92"]
[EventDate "2017.10.21"]
[EventRounds "9"]
[EventCountry "RUS"]

1. e4 c5 2. Ne2 Nf6 3. Nbc3 Nc6 4. g3 g6 5. Bg2 Bg7 6. O-O O-O 7. d3 d6 8. h3
a6 9. Be3 Bd7 10. Qd2 Re8 11. Bh6 Bh8 12. f4 Qa5 13. g4 e6 14. f5 exf5 15. gxf5
Nd4 16. fxg6 hxg6 17. Qg5 Ne6 18. Qg3 Bc6 19. Nd5 Bxd5 20. exd5 Nd4 21. Nxd4
Nh5 22. Qg5 Bxd4+ 23. Kh1 Be3 24. Qg4 Bxh6 25. Be4 Bg7 26. Rf2 Nf6 27. Qf4 Qc7
28. Rg1 Nxe4 29. dxe4 Bd4 30. h4 Bxf2 31. Qxf2 Qe7 32. h5 Qxe4+ 33. Kh2 Qe5+
34. Rg3 Qxh5+ 35. Rh3 Re2 36. Rxh5 Rxf2+ 37. Kg3 gxh5 38. Kxf2 Kg7 39. Kg3 Kg6
40. Kf4 Re8 41. c4 Re2 42. b3 Rxa2 43. Kf3 Ra3 44. Kf4 Rxb3 45. Ke4 Rb4 46. Kf3
Rxc4  0-1

[Event "M.Chigorin Memorial 2017 "]
[Site "?????-?????????"]
[Date "2017.10.23"]
[Round "3"]
[Board "177"]
[White "Petrova, Varvara"]
[Black "Bushueva, Tatjana"]
[Result "0-1"]
[WhiteElo "1362"]
[BlackElo "1737"]
[PlyCount "56"]
[EventDate "2017.10.21"]
[EventRounds "9"]
[EventCountry "RUS"]

1. e4 e6 2. Nf3 d5 3. Nc3 Nf6 4. e5 Nfd7 5. d4 c5 6. dxc5 Bxc5 7. Bd3 Nc6 8.
Bf4 Qb6 9. O-O Qxb2 10. Nb5 Qb4 11. Nc7+ Kf8 12. Nxa8 Qxf4 13. Qd2 Qxd2 14.
Nxd2 Ndxe5 15. Bb5 Bd6 16. Bxc6 Nxc6 17. Nb3 Ke7 18. Rab1 Bd7 19. Nc7 Bxc7 20.
Nc5 b6 21. Nxd7 Kxd7 22. Rfd1 Na5 23. Rb4 Bd6 24. Rbd4 Rc8 25. R4d2 Rc3 26. g3
Nc4 27. Re2 Ra3 28. Ree1 a5  0-1

[Event "M.Chigorin Memorial 2017 "]
[Site "?????-?????????"]
[Date "2017.10.24"]
[Round "4"]
[Board "1"]
[White "Vakhidov, Jakhongir"]
[Black "Artemiev, Vladislav"]
[Result "0-1"]
[WhiteElo "2498"]
[BlackElo "2696"]
[PlyCount "154"]
[EventDate "2017.10.21"]
[EventRounds "9"]
[EventCountry "RUS"]

1. d4 Nf6 2. c4 g6 3. Nc3 d5 4. Nf3 Bg7 5. cxd5 Nxd5 6. e4 Nxc3 7. bxc3 c5 8.
Rb1 O-O 9. Be2 Nc6 10. d5 Na5 11. c4 Bg4 12. Qc2 Bxf3 13. Bxf3 Bd4 14. h4 e6
15. h5 Re8 16. O-O Qh4 17. Bb2 Bxb2 18. Rxb2 e5 19. g3 Qf6 20. Kg2 b6 21. Rh1
Nb7 22. Rbb1 Nd6 23. a4 Rab8 24. Rh4 Kf8 25. Rhh1 Rb7 26. a5 Reb8 27. axb6 Rxb6
28. Rxb6 Rxb6 29. hxg6 hxg6 30. Ra1 a6 31. Qc3 Kg7 32. Ra4 Nb7 33. Bg4 Nd6 34.
Bf3 g5 35. Qe3 Rb2 36. Be2 Nb7 37. Ra1 a5 38. Bd3 Rb4 39. Qe2 Rb3 40. Qc2 Qb6
41. Qd2 Qf6 42. Qc2 Rb4 43. Qe2 Kf8 44. Ra3 Ke7 45. Bc2 Rb2 46. Qd2 g4 47. Qc1
Rb4 48. Bd1 Qg6 49. Re3 Nd6 50. Be2 a4 51. Qd1 Qh6 52. Bxg4 Rxc4 53. Qb1 Rb4
54. Qc2 Rc4 55. Qb2 Qg5 56. Bf5 Qf6 57. Qb8 Nxf5 58. exf5 e4 59. Qb5 Qd4 60.
Qc6 Qe5 61. g4 Qf4 62. Qb7+ Kf8 63. Qa8+ Ke7 64. Qa6 Rd4 65. Qa7+ Kf6 66. Qxc5
Rd3 67. Qb6+ Kg7 68. Qb2+ Kg8 69. Rg3 a3 70. Qc2 Rxg3+ 71. fxg3 Qxg4 72. d6
Qf3+ 73. Kh2 Qxf5 74. Qc7 a2 75. d7 Qh5+ 76. Kg2 a1=Q 77. d8=Q+ Kg7  0-1

[Event "M.Chigorin Memorial 2017 "]
[Site "?????-?????????"]
[Date "2017.10.24"]
[Round "4"]
[Board "2"]
[White "Sethuraman, S.P."]
[Black "Abdusattorov, Nodirbek"]
[Result "0-1"]
[WhiteElo "2632"]
[BlackElo "2498"]
[PlyCount "176"]
[EventDate "2017.10.21"]
[EventRounds "9"]
[EventCountry "RUS"]

1. e4 e5 2. Nf3 Nc6 3. Bb5 a6 4. Ba4 Nf6 5. O-O Be7 6. d3 b5 7. Bb3 d6 8. a3
Be6 9. Bxe6 fxe6 10. Be3 O-O 11. Nbd2 Ng4 12. c4 Nxe3 13. fxe3 Qb8 14. Qb3 Rf6
15. Rac1 Qb6 16. Rfe1 Nd8 17. c5 dxc5 18. Nxe5 Qd6 19. Nef3 Rf8 20. Qc2 Nb7 21.
e5 Qd5 22. Ne4 Rad8 23. Rcd1 Na5 24. Nc3 Qd7 25. Qf2 Qe8 26. Qg3 Qh5 27. Ne4
Nb3 28. Qf2 Qg6 29. Qg3 Qxg3 30. hxg3 Rd5 31. Nc3 Rd7 32. Kf2 c6 33. Ke2 Rfd8
34. Ne4 Rd5 35. g4 h6 36. Rh1 a5 37. Nc3 R5d7 38. Ne4 Rd5 39. a4 Rb8 40. g5
hxg5 41. Rh5 Kf7 42. g4 Rf8 43. Nfxg5+ Bxg5 44. Rxg5 Kg8 45. Rh1 c4 46. dxc4
bxc4 47. Rgh5 Kf7 48. Rg5 Kg8 49. Rgh5 Kf7 50. Nd6+ Kg6 51. Ne4 Kf7 52. g5 Kg6
53. Rh8 Nc1+ 54. Ke1 Nd3+ 55. Ke2 Rxh8 56. Rxh8 Rxe5 57. Kf3 Nxb2 58. Rc8 Nxa4
59. Rxc6 Nb2 60. Nc5 Kf7 61. Rc7+ Ke8 62. Ne4 g6 63. Rb7 Nd3 64. Nd6+ Kf8 65.
Nxc4 Rxg5 66. Ke2 Rd5 67. Ra7 Nc1+ 68. Kf3 Nb3 69. e4 Rc5 70. Nb6 Rb5 71. Nd7+
Ke7 72. e5 Nd4+ 73. Kf4 Nc6 74. Rc7 Kd8 75. Rxc6 Kxd7 76. Rd6+ Ke7 77. Ra6 g5+
78. Kxg5 Rxe5+ 79. Kf4 Rb5 80. Ke4 Kf6 81. Ra8 Rb4+ 82. Ke3 a4 83. Ra5 Rh4 84.
Kf2 e5 85. Ra8 Kf5 86. Ke3 Rh3+ 87. Kd2 a3 88. Ra4 a2  0-1

[Event "M.Chigorin Memorial 2017 "]
[Site "?????-?????????"]
[Date "2017.10.24"]
[Round "4"]
[Board "3"]
[White "Lugovskoy, Maxim"]
[Black "Gordievsky, Dmitry"]
[Result "1/2-1/2"]
[WhiteElo "2474"]
[BlackElo "2605"]
[PlyCount "255"]
[EventDate "2017.10.21"]
[EventRounds "9"]
[EventCountry "RUS"]

1. e4 g6 2. d4 Bg7 3. Nf3 d6 4. Nc3 Nf6 5. Be2 O-O 6. O-O a6 7. a4 Nc6 8. Be3
e5 9. dxe5 dxe5 10. Qxd8 Rxd8 11. Rfd1 Bg4 12. Rxd8+ Rxd8 13. Rd1 Rxd1+ 14.
Bxd1 Nb4 15. Bc5 Bxf3 16. gxf3 Bf8 17. Bxb4 Bxb4 18. Nd5 Nxd5 19. exd5 Bd2 20.
Kf1 Bc1 21. b3 Kf8 22. Ke2 Ba3 23. c3 a5 24. Bc2 Ke7 25. Bd3 Kd6 26. h3 f5 27.
Bc4 Ke7 28. Bb5 Kf6 29. Bd7 Kg5 30. Kf1 Kf4 31. Ke2 Bb2 32. c4 Ba3 33. Bc8 b6
34. Be6 g5 35. Bd7 Be7 36. Be8 Bc5 37. Bf7 Bd4 38. Be8 Bc5 39. Bf7 e4 40. fxe4
fxe4 41. Bh5 Ke5 42. f3 e3 43. Kd3 Kf4 44. Bg4 Kg3 45. Ke2 Kg2 46. Ke1 Bb4+ 47.
Ke2 Bc5 48. Ke1 h6 49. Ke2 Kg3 50. Ke1 Kh4 51. Be6 Kg3 52. Bg4 Kf4 53. Ke2 Bb4
54. Bh5 Bd2 55. Bg4 Ke5 56. Kd3 Bc1 57. Bh5 Kd6 58. Bg6 Kc5 59. Be8 Kb4 60. Bf7
Bd2 61. Bg8 h5 62. Bf7 h4 63. Bg8 Ka3 64. Bf7 Bc1 65. Be6 Bd2 66. Bf7 Kb4 67.
Be6 Kc5 68. Bg4 Kd6 69. Bc8 Ke5 70. Bd7 Kf4 71. Ke2 Bb4 72. Bg4 Bf8 73. Kd3 Bc5
74. Ke2 Ke5 75. Kd3 Bd4 76. Bh5 Kf4 77. Bg4 Bc5 78. Ke2 Bb4 79. Kd3 Bd2 80. Ke2
Ke5 81. Kd3 Kd6 82. Bc8 Kc5 83. Be6 Kb4 84. Bf7 Ka3 85. Be6 Kb2 86. Bf7 Kc1 87.
Ke2 Kc2 88. Be6 Kc3 89. Bf7 Kd4 90. Be6 Bb4 91. Bd7 Bc5 92. Be8 Kc3 93. Bb5
Kxb3 94. Kd3 Kb2 95. Ba6 Kc1 96. Ke2 Kc2 97. Bb5 Kc3 98. Ba6 Kd4 99. Bb5 Bd6
100. Ba6 Bf4 101. Bb5 Bd6 102. Ba6 Bc5 103. Bb5 Ke5 104. Bd7 Kf4 105. Bg4 b5
106. cxb5 Ke5 107. Be6 Kd4 108. Kd1 Kc3 109. Bf5 Kc4 110. Be4 Bb6 111. Bc2 Kxd5
112. Ke2 Kd4 113. Bd1 Kc3 114. Ke1 Bc5 115. Be2 Bb4 116. Kf1 Kc2 117. Bc4 Kd2
118. Be2 Kc3 119. Bd1 Kd4 120. Be2 Bd6 121. Bd1 Ke5 122. Be2 Kf4 123. Kg2 Bc5
124. Kh2 Ke5 125. Kg2 Kd4 126. Kf1 Kc3 127. Bd1 Bd6 128. Be2  1/2-1/2

[Event "M.Chigorin Memorial 2017 "]
[Site "?????-?????????"]
[Date "2017.10.24"]
[Round "4"]
[Board "4"]
[White "Alekseenko, Kirill"]
[Black "Zakhartsov, Vladimir"]
[Result "1-0"]
[WhiteElo "2563"]
[BlackElo "2461"]
[PlyCount "179"]
[EventDate "2017.10.21"]
[EventRounds "9"]
[EventCountry "RUS"]

1. e4 e5 2. Nf3 Nc6 3. Bb5 a6 4. Ba4 Nf6 5. O-O Be7 6. Re1 b5 7. Bb3 d6 8. c3
O-O 9. h3 Nb8 10. d4 Nbd7 11. Nbd2 Bb7 12. Bc2 Re8 13. a4 Bf8 14. Bd3 c6 15. b3
Qc7 16. Qc2 g6 17. Bb2 Bg7 18. Rad1 Rac8 19. b4 Nb6 20. a5 Na4 21. Ba1 c5 22.
bxc5 dxc5 23. dxe5 Nd7 24. c4 Qxa5 25. Qb3 Bc6 26. cxb5 axb5 27. Ng5 c4 28.
Nxc4 bxc4 29. Bxc4 Nac5 30. Bxf7+ Kh8 31. Qg3 Rxe5 32. Bxg6 hxg6 33. Nf7+ Kg8
34. Nxe5 Nxe5 35. Bxe5 Nxe4 36. Qb3+ Kh7 37. Bxg7 Kxg7 38. Rc1 Re8 39. Qb2+ Nf6
40. Red1 Re6 41. Rc3 Qe5 42. Qc1 Qe4 43. f3 Qa4 44. Kh1 Qa8 45. Ra3 Qb8 46. Qc4
Bd5 47. Qd4 Qg3 48. Ra7+ Kh6 49. Qd2+ g5 50. Qc3 Qb8 51. Rc7 Qb3 52. Qxb3 Bxb3
53. Rd8 Kg6 54. Kh2 Re2 55. Rc6 Re6 56. Rc5 Re2 57. Rd6 Re6 58. Rd3 Rb6 59. Re3
Bf7 60. Ree5 Nh7 61. Ra5 Re6 62. Rec5 Re2 63. Kg1 Re6 64. Kf2 Rb6 65. g4 Rf6
66. Kg3 Be8 67. Rc3 Nf8 68. Ra8 Bd7 69. Rc7 Be6 70. Rc6 Nh7 71. Rc5 Bb3 72. Ra3
Bf7 73. Raa5 Bb3 74. Rc3 Bf7 75. h4 gxh4+ 76. Kxh4 Nf8 77. Kg3 Ne6 78. Ra4 Be8
79. Rb4 Bd7 80. f4 Ng7 81. Rc7 Be6 82. Re4 Ba2 83. Re5 Rf7 84. Rc6+ Kh7 85. f5
Rf8 86. Kh4 Bb1 87. Kg5 Ne8 88. Re7+ Kh8 89. Rh6+ Kg8 90. Rg6+  1-0

[Event "M.Chigorin Memorial 2017 "]
[Site "?????-?????????"]
[Date "2017.10.24"]
[Round "4"]
[Board "5"]
[White "Kezin, Roman"]
[Black "Vorobiov, Evgeny E."]
[Result "0-1"]
[WhiteElo "2455"]
[BlackElo "2555"]
[PlyCount "102"]
[EventDate "2017.10.21"]
[EventRounds "9"]
[EventCountry "RUS"]

1. d4 Nf6 2. c4 g6 3. Nc3 d5 4. Bg5 Ne4 5. Bh4 c6 6. e3 Bg7 7. Nf3 Qa5 8. Qb3
dxc4 9. Bxc4 Nd6 10. O-O Nxc4 11. Qxc4 Be6 12. Qe2 Na6 13. Rfd1 Rd8 14. e4 Bg4
15. d5 Bxc3 16. bxc3 Qc5 17. dxc6 Rxd1+ 18. Rxd1 Qxc6 19. Qd2 Qd7 20. Qc1 Qc7
21. Qh6 Nc5 22. Qg7 Rf8 23. Bg3 Qc8 24. h3 Bxf3 25. gxf3 Qxh3 26. Qe5 Qc8 27.
Rd5 Ne6 28. Ra5 a6 29. Qd5 f6 30. f4 f5 31. Ra4 Qd7 32. Rc4 fxe4 33. Qxe4 Rf5
34. Qe2 Kf7 35. Re4 Rd5 36. Bh4 Rh5 37. Bg3 Rb5 38. Kg2 Qc6 39. Kg1 Qd5 40. c4
Rb1+ 41. Kh2 Qd1 42. Qxd1 Rxd1 43. Re5 Ng7 44. Rc5 Rd7 45. Kg2 Nf5 46. Kf3 h5
47. Rc8 Rd3+ 48. Kg2 h4 49. Bh2 h3+ 50. Kf1 Rd1+ 51. Ke2 Rh1  0-1

[Event "M.Chigorin Memorial 2017 "]
[Site "?????-?????????"]
[Date "2017.10.24"]
[Round "4"]
[Board "6"]
[White "Paravyan, David"]
[Black "Li, Yankai"]
[Result "1/2-1/2"]
[WhiteElo "2548"]
[BlackElo "2455"]
[PlyCount "55"]
[EventDate "2017.10.21"]
[EventRounds "9"]
[EventCountry "RUS"]

1. e4 e5 2. Nf3 Nc6 3. Bb5 a6 4. Ba4 Nf6 5. O-O Be7 6. d3 b5 7. Bb3 O-O 8. Nc3
d6 9. a3 Bg4 10. Be3 Nd4 11. Bxd4 exd4 12. Nd5 Nd7 13. h3 Bxf3 14. Qxf3 c6 15.
Nxe7+ Qxe7 16. Qg3 a5 17. a4 Nc5 18. axb5 Nxb3 19. cxb3 c5 20. b4 cxb4 21. Rfc1
Rfb8 22. b6 Qd8 23. Rc7 Rxb6 24. Rac1 Rbb8 25. R7c6 Rb6 26. Rc7 Rbb8 27. R7c6
Rb6 28. Rc7  1/2-1/2

[Event "M.Chigorin Memorial 2017 "]
[Site "?????-?????????"]
[Date "2017.10.24"]
[Round "4"]
[Board "7"]
[White "Palchun, Grigory"]
[Black "Moiseenko, Vadim"]
[Result "0-1"]
[WhiteElo "2441"]
[BlackElo "2543"]
[PlyCount "68"]
[EventDate "2017.10.21"]
[EventRounds "9"]
[EventCountry "RUS"]

1. d4 Nf6 2. Bf4 d5 3. e3 c5 4. c3 Nc6 5. Nd2 Bf5 6. Ngf3 e6 7. Be2 h6 8. O-O
Be7 9. dxc5 Bxc5 10. Nd4 Bh7 11. Qa4 Qb6 12. Nb5 O-O 13. Bc7 Qa6 14. Qd1 b6 15.
Nb3 Qb7 16. Nxc5 bxc5 17. Bd6 a6 18. Bxf8 Rxf8 19. Na3 Qxb2 20. Qa4 Qxe2 21.
Qxc6 Ne4 22. Rac1 Qb2 23. Qxa6 Nxc3 24. Kh1 Ne4 25. Kg1 Nxf2 26. Qb5 Qxa3 27.
Kxf2 Bd3 28. Qxc5 Qxa2+ 29. Kg3 Bxf1 30. Rxf1 Qc4 31. Qd6 Qe4 32. Rf3 Re8 33.
h3 Qb1 34. Kh2 Qb8  0-1

[Event "M.Chigorin Memorial 2017 "]
[Site "?????-?????????"]
[Date "2017.10.24"]
[Round "4"]
[Board "8"]
[White "Dai, Changren"]
[Black "Geller, Jakov"]
[Result "1/2-1/2"]
[WhiteElo "2425"]
[BlackElo "2526"]
[PlyCount "67"]
[EventDate "2017.10.21"]
[EventRounds "9"]
[EventCountry "RUS"]

1. e4 c5 2. Nf3 d6 3. d4 cxd4 4. Nxd4 Nf6 5. Nc3 a6 6. h3 e6 7. g4 h6 8. Bg2
Be7 9. Be3 Nc6 10. f4 Nd7 11. O-O Nxd4 12. Qxd4 e5 13. Qd2 exf4 14. Bxf4 Ne5
15. Rad1 Be6 16. Nd5 Bg5 17. Qb4 O-O 18. Bxg5 hxg5 19. Ne3 a5 20. Qxd6 Qxd6 21.
Rxd6 Bxa2 22. Rb6 a4 23. Ra1 Be6 24. Rxb7 Rab8 25. Rxb8 Rxb8 26. Rxa4 Rxb2 27.
Bf1 Kf8 28. Kf2 Ke7 29. Be2 g6 30. Ra5 Kd6 31. Ra6+ Kc5 32. Ra5+ Kd6 33. Ra6+
Kc5 34. Ra5+  1/2-1/2